| 000 | 00641nam a2200217 u 4500 | ||
|---|---|---|---|
| 005 | 20230527063558.0 | ||
| 008 | 130815s2008 r 000 0 eng d | ||
| 020 | _a9788433022769 | ||
| 035 | _aUPN01000192264 | ||
| 049 | _aCG | ||
| 050 | 4 |
_aBF724 _bM3.2 |
|
| 100 | 1 |
_aMaestre Pagaza, Fernando _934176 |
|
| 245 | 1 | 3 |
_aLa adolescencia adelantada : _bel drama de la niñez perdida / _cFernando Maestre Pagaza. |
| 260 |
_aBilbao, Esp. : _bDesclée de Brouwer, _c2008. |
||
| 300 |
_a105 p. : _bcuadros |
||
| 440 | 0 | _aAMAE | |
| 650 | 4 |
_aPsicología del adolescente _91013 |
|
| 650 | 2 |
_aPubertad _914834 |
|
| 905 | _aLibro | ||
| 999 |
_c164367 _d164367 |
||